000 00304nam a22001337a 4500
008 180911b xxu||||| |||| 00| 0 eng d
020 _a9780029184677
041 _aeng
080 _a338
100 _a54
101 _aMNG
245 _aCorporate Culture and Performance
_cKotter, J.P
942 _2udc
_cBK
999 _c47674
_d47674